Fredric March Filmography - Statistics

General Stats
  • This quiz has been taken 4 times
    3 since last reset
  • The average score is 21 of 132
Answer Stats
Type Year Name % Correct
Radio Series 1946 Academy Award
100%
Film 1937 A Star Is Born
100%
Film 1951 Death of a Salesman
100%
Film 1931 Dr. Jekyll and Mr. Hyde
100%
Film 1946 The Best Years of Our Lives
100%
Film 1930 The Royal Family of Broadway
100%
Film 1956 Alexander the Great
50%
Film 1935 Anna Karenina
50%
Film 1948 Another Part of the Forest
50%
Film 1936 Anthony Adverse
50%
Film 1934 Death Takes a Holiday
50%
Film 1933 Design for Living
50%
Film 1954 Executive Suite
50%
Film 1967 Hombre
50%
Film 1942 I Married a Witch
50%
Film 1935 Les Misérables
50%
Radio Series 1938, 1942 Lux Radio Theatre
50%
Film 1953 Man on a Tightrope
50%
Film 1932 Merrily We Go to Hell
50%
Film 1959 Middle of the Night
50%
Film 1937 Nothing Sacred
50%
Film 1941 One Foot in Heaven
50%
Film 1964 Seven Days in May
50%
Film 1932 Smilin' Through
50%
Film 1941 So Ends Our Night
50%
Film 1932 Strangers in Love
50%
Film 1940 Susan and God
50%
Film 1934 The Affairs of Cellini
50%
Film 1934 The Barretts of Wimpole Street
50%
Film 1954 The Bridges at Toko-Ri
50%
Film 1933 The Eagle and the Hawk
50%
Film 1956 The Man in the Gray Flannel Suit
50%
Film 1938 There Goes My Heart
50%
Film 1932 The Sign of the Cross
50%
Film 1944 Tomorrow, the World!
50%
Award Show 1953 25th Academy Awards
0%
Award Show 1954 26th Academy Awards
0%
Theater 1944-1945 A Bell for Adano
0%
Documentary 1957 Albert Schweitzer
0%
Film 1934 All of Me
0%
Film 1948 An Act of Murder
0%
Theater 1950-1951 An Enemy of the People
0%
TV Special 1968 A Night at Ford's Theater
0%
TV Special 1963 A Tribute to John F. Kennedy from the Arts
0%
Radio Series 1944 Balance Sheet: Fifth War Loan Drive
0%
Film 1941 Bedtime Story
0%
Film 1949 Christopher Columbus
0%
Theater 1926-1927 Devil in the Cheese
0%
Film 1929 Footlights and Fools
0%
TV Show 1959-1961 Fredric March Presents Tales from Dickens
0%
Theater 1961-1962 Gideon
0%
Film 1934 Good Dame
0%
Theater 1925 Harvest
0%
Short Film 1932 Hollywood on Parade No. A-1
0%
Short Film 1934 Hollywood on Parade No. B-6
0%
Film 1931 Honor Among Lovers
0%
Theater 1941 Hope for a Harvest
0%
Film 1960 Inherit the Wind
0%
Film 1956 Island of Allah
0%
Film 1951 It's a Big Country: An American Anthology
0%
Film 1929 Jealousy
0%
Film 1930 Ladies Love Brutes
0%
Short Documentary 1942 Lake Carrier
0%
TV Show 1957 Lamp Unto My Feet
0%
Film 1930 Laughter
0%
Documentary 1940 Lights Out in Europe
0%
Theater 1956-1958 Long Day's Journey into Night
0%
TV Show 1951, 1952 Lux Video Theatre
0%
Film 1932 Make Me a Star
0%
Film 1930 Manslaughter
0%
Film 1936 Mary of Scotland
0%
Film 1931 My Sin
0%
Theater 1950 Now I Lay Me Down to Sleep
0%
TV Show 1953 Omnibus
0%
Film 1930 Paramount on Parade
0%
Film 1929 Paris Bound
0%
Film 1921 Paying the Piper
0%
TV Documentary 1964 Pieta
0%
TV Show 1956 Producers' Showcase
0%
Theater 1925 Puppets
0%
Documentary Series 1963, 1965, 1966 Saga of Western Man
0%
Film 1930 Sarah and Son
0%
Short Documentary 1935 Screen Snapshots Series 14, No. 11
0%
Short Documentary 1936 Screen Snapshots Series 16, No. 3
0%
Short Documentary 1937 Screen Snapshots Series 16, No. 5
0%
TV Show 1954, 1955, 1956 Shower of Stars
0%
Radio Series 1953 Star Playhouse
0%
Radio Series 1943, 1944, 1949 Suspense
0%
Documentary 1939 The 400 Million
0%
Film 1944 The Adventures of Mark Twain
0%
Theater 1939 The American Way
0%
Radio Series 1950, 1953 Theater Guild on the Air
0%
Radio Series 1953 Theatre Guild on the Air
0%
Theater 1951-1952 The Autumn Garden
0%
TV Show 1954 The Best of Broadway
0%
Film 1938 The Buccaneer
0%
Film 1962 The Condemned of Altona
0%
Film 1935 The Dark Angel
0%
Film 1955 The Desperate Hours
0%
Film 1921 The Devil
0%
Film 1929 The Dummy
0%
TV Show 1958, 1959 The DuPont Show of the Month
0%
Film 1921 The Education of Elizabeth
0%
TV Show 1949 The Ford Television Theatre
0%
Film 1921 The Great Adventure
0%
Theater 1926 The Half-Caste
0%
Film 1973 The Iceman Cometh
0%
Theater 1924 The Jazz King
0%
Film 1929 The Marriage Playground
0%
Theater 1924 The Melody Man
0%
Radio Series 1949 The MGM Theater of the Air
0%
TV Show 1950 The Nash Airflyte Theater
0%
Film 1931 The Night Angel
0%
TV Documentary 1964 The Presidency: A Splendid Mystery
0%
Film 1936 The Road to Glory
0%
Radio Series 1947 The Screen Guild Theater
0%
Theater 1942-1943 The Skin of Our Teeth
0%
Film 1929 The Studio Murder Mystery
0%
Documentary 1950 The Titan: Story of Michelangelo
0%
Film 1929 The Wild Party
0%
Film 1961 The Young Doctors
0%
Film 1970 Tick, Tick, Tick
0%
TV Show 1952, 1957, 1958 Toast of the Town
0%
Film 1933 Tonight Is Ours
0%
Film 1938 Trade Winds
0%
Film 1930 True to the Navy
0%
Short Documentary 1944 Valley of the Tennessee
0%
Film 1940 Victory
0%
Film 1934 We Live Again
0%
TV Show 1954 What's My Line?
0%
Theater 1946-1947 Years Ago
0%
Theater 1938 Yr. Obedient Husband
0%
No matching quizzes found
Score Distribution
Percent of People with Each Score
Percentile by Number Answered
Your Score History
You have not taken this quiz since the last reset